000 00769nam a22002297a 4500
003 UA-OsUOA
001 136069
007 ta
008 20190304b un ||||| |||| 00| 0 ukr d
090 _a94(477)"1937/1938"(094)
_bБ79
942 _cBK
040 _aUA-OsUOA
_brus
_cUA-OsUOA
_dUA-OsUOA
245 _a"Большой террор" в Украине: немецкая операция 1937 - 1938 годов
_bсборник документов
_cупор.: А. Айсфельд, Н. Сердюк
300 _a1248 с.
955 _a1
041 _arus
080 _a94(477)"1937/1938"(094)
020 _a978-617-684-167-8
260 _aК.
_bГДА СБУ
_c2018
650 7 _a9 Географія. Біографії. Історія
_2UDC
999 _c409208
_d409208